00679nam a2200205 4500999001900000005001700019010001500036020001100051035001400062037001300076082001100089100002100100245006600121260004600187270003400233300002500267500001900292942002500311952013700336 c163828d16382820190501155003.0 aENG-125123 c350.00 aEN-108655 bDBAD/PUB a618.02 aLalana, Grace J. aPregnancy, childbirth and new baby care /cby Grace J. Lalana aBanglorebGrace Lalana Publicationsc2011 aPB No.-4319bBangloree560043 axvi,296p.c22cm(pbk) aIncludes index 2ddccENh618.02mLAL 001040718NFICaDBADbDBADd2019-05-01eDBAD/PUBg350.00l0o618.02 LALpEN-108655r2019-05-01 00:00:00t1v350.00w2019-05-01yEN